000 00303nam a22001337a 4500
008 170822b xxu||||| |||| 00| 0 eng d
020 _a2900073298145
041 _aeng
080 _a51
100 _a37
101 _aMAT
245 _aINTRODUCTORY INTERMEDIATE ALGEBRA
_cMILLER.O
942 _2udc
_cBK
999 _c24452
_d24452